000 00623nam a22002057a 4500
003 OSt
005 20250818053422.0
008 250818b |||||||| |||| 00| 0 eng d
020 _a13: 978-0-324-65037-2.
040 _aDWCL-Main lib
_cOC
082 _aCirc. 657.42 V242p 2008
100 _aVanderbeck, Edward J.
245 _aPrinciples of cost accounting/
_cEdward J. Vanderbeck
260 _a Australia :
_bThomson/South-Western,
_cc2008.
300 _axviii, 478 p.
_bill. ;
_c 25 cm.
504 _aIncludes index.
650 _a1. Accounting.
650 _a2. Cost accounting.
942 _2ddc
_cBK-CIRC
_kCirc.
_n0
999 _c4010
_d4010